Nástroje a aplikácie Business Intelligence v informačných systémoch súkromného a verejného sektora
Spoločné charakteristiky procesného pohľadu na podporu rozhodovania v informačných systémoch podnikov a organizácií verejnej správy. Business Intelligence v architektúre informačného systému podniku. Business Intelligence v architektúre informačného systému (IS) vo verejnej správe. Procesný pohľad n...
Salvato in:
| Autore principale: | |
|---|---|
| Altri autori: | , |
| Natura: | Capitolo di libro |
| Lingua: | slovacco |
| Soggetti: | |
| Tags: |
Nessun Tag, puoi essere il primo ad aggiungerne!!
|
MARC
| LEADER | 00000naa$a2200000$$$4500 | ||
|---|---|---|---|
| 001 | 0079921 | ||
| 005 | 20240502071916.9 | ||
| 041 | 0 | |a slo | |
| 044 | |a SK | ||
| 245 | 1 | 0 | |a Nástroje a aplikácie Business Intelligence v informačných systémoch súkromného a verejného sektora |c Mojmír Kokles, Anita Romanová, Michal Grell |
| 520 | |a Spoločné charakteristiky procesného pohľadu na podporu rozhodovania v informačných systémoch podnikov a organizácií verejnej správy. Business Intelligence v architektúre informačného systému podniku. Business Intelligence v architektúre informačného systému (IS) vo verejnej správe. Procesný pohľad na IS. Aktuálne riešenia informačných systémov na podporu rozhodovania. | ||
| 610 | 2 | 0 | |a technológie informačné |
| 610 | 2 | 0 | |a systémy informačné |
| 610 | 2 | 0 | |a systémy podporné rozhodovacie |
| 610 | 2 | 0 | |a podnik |
| 610 | 2 | 0 | |a správa verejná |
| 100 | 1 | |a Kokles, Mojmír | |
| 700 | 1 | |a Romanová, Anita, 1973- | |
| 700 | 1 | |a Grell, Michal | |